| 000 | 00000nam 2200000za 4500 |
| 001 | 9.823313 |
| 003 | CaOODSP |
| 005 | 20200330230744 |
| 007 | ta |
| 008 | 160826s2016 oncbd # f000 0 fre d |
| 020 | |a978-0-660-06154-2 |
| 040 | |aCaOODSP|bfre |
| 043 | |an-cn--- |
| 086 | 1 |aFA1-2/2016-2-2F |
| 110 | 1 |aCanada. |bBureau du vérificateur général. |
| 245 | 10|aAssurer la durabilité des principaux stocks de poissons du Canada : |bPêches et Océans Canada. |
| 246 | 17|aRapports de la commissaire à l'environnement et au développement durable - automne 2016 : |brapport 2 |
| 260 | |aOttawa : |bBureau du vérificateur général du Canada, |cc2016. |
| 300 | |aiii, 34 p. : |bcarte, graphiques ; |c28 cm. |
| 490 | 1 |aRapports de la commissaire à l'environnement et au développement durable, |x1485-7332 ; |vAutomne 2016, rapport 2 |
| 500 | |aPublié aussi en anglais sous le titre: Sustaining Canada’s major fish stocks : Fisheries and Oceans Canada. |
| 520 | |a« L’audit visait à déterminer si Pêches et Océans Canada avait recensé et mis en place certains éléments clés requis pour assurer une gestion des pêches au Canada fondée sur la conservation et l’exploitation durable des ressources, comme la planification de la gestion ainsi que la collecte et l’analyse des données sur l’état des stocks de poissons et le nombre de poissons pêchés. Pour ce faire, nous avons examiné les 154 principaux stocks de poissons du pays dont le Ministère doit assurer la gestion. » -- p. 2. |
| 692 | 07|2gccst|aPoisson |
| 692 | 07|2gccst|aDéveloppement durable |
| 710 | 1 |aCanada. |bCommissaire à l'environnement et au développement durable. |
| 775 | 08|tSustaining Canada's major fish stocks : |w(CaOODSP)9.823266 |
| 776 | 0#|tAssurer la durabilité des principaux stocks de poissons du Canada |w(CaOODSP)9.823277 |
| 830 | #0|aRapports de la commissaire à l'environnement et au développement durable,|x1485-7332 ; |vAutomne 2016, rapport 2.|w(CaOODSP)9.833496 |